000 00452nam a2200181Ia 4500
001 22490
005 20260414150835.0
008 260414t2015||||xx |||||||||||||| ||spa||
041 _aESP
082 _a621.381548
_bF81
100 _aFraile Mora, Jesús
_eAUT
245 0 _aInstrumentación aplicada a la ingeniería
_b
260 _c2015
300 _axxii, 618 páginas :
_c26 cm.
650 _aTCA
654 _aCET
942 _cLIB
_dJUS
_fJUS
_2ddc
_n
999 _c22490
_d22490